<?xml version="1.0" encoding="UTF-8"?>
<collection xmlns:xsi="http://www.w3.org/2001/XMLSchema-instance" xsi:schemaLocation="http://www.loc.gov/MARC21/slim http://www.loc.gov/standards/marcxml/schema/MARC21slim.xsd" xmlns="http://www.loc.gov/MARC21/slim">
 <record>
  <leader>00000caa a22000003a 4500</leader>
  <controlfield tag="001">UP-8027390931312487485</controlfield>
  <controlfield tag="003">Buklod</controlfield>
  <controlfield tag="005">20180419102524.0</controlfield>
  <controlfield tag="006">o--- |     ||   ||</controlfield>
  <controlfield tag="007">ta</controlfield>
  <controlfield tag="008">180419s        xx     d     r    |||| u|</controlfield>
  <datafield tag="035" ind1=" " ind2=" ">
   <subfield code="a">(iLib)UPCEB-00010994887</subfield>
  </datafield>
  <datafield tag="040" ind1=" " ind2=" ">
   <subfield code="a">emz</subfield>
  </datafield>
  <datafield tag="100" ind1="1" ind2=" ">
   <subfield code="a">Ma-Klemmas, Christine.</subfield>
  </datafield>
  <datafield tag="245" ind1="0" ind2="4">
   <subfield code="a">Trust your gut or think carefully? Examining whether an intuitive, versus a systematic, mode of thought produces greater empathic accuracy.  [article].</subfield>
  </datafield>
  <datafield tag="300" ind1=" " ind2=" ">
   <subfield code="a">pp. 674-685</subfield>
  </datafield>
  <datafield tag="520" ind1=" " ind2=" ">
   <subfield code="a">Cultivating successful personal and professional relationships requires the ability to accurately infer the feelings of others-that is, to be empathically accurate. Some are better at this than others, a difference which may be explained in part by mode of thought. Specifically, empathically accurate people may tend to rely more on intuitive rather than systematic thought when perceiving others. Or it may be the reverse: systematic thought may increase empathic accuracy. To determine which view is supported by the evidence, we conducted 4 studies examining relations between mode of thought (intuitive vs. systematic) and empathic accuracy. Study 1 revealed a lay belief that empathic accuracy arises from intuitive modes of thought. Studies 2 through 4, each using executive-level professionals as participants, demonstrated that, contrary to lay beliefs, people who tend to rely on intuitive thinking also tend to exhibit lower empathic accuracy. This pattern held when participants inferred others' emotional states based on (a) in-person face-to-face interactions with partners (Study 2) as well as on (b) pictures with limited facial cues (Study 3). Study 4 confirmed that the relationship is causal: experimentally inducing systematic (as opposed to intuitive) thought led to improved empathic accuracy. In sum, evidence regarding personal and social processes in these 4 samples of working professionals converges on the conclusion that, contrary to lay beliefs, empathic accuracy arises more from systematic thought than from gut intuition. -- (from the authors)</subfield>
  </datafield>
  <datafield tag="600" ind1="0" ind2="0">
   <subfield code="a">Intuition.</subfield>
  </datafield>
  <datafield tag="650" ind1="1" ind2="7">
   <subfield code="a">Emotion.</subfield>
  </datafield>
  <datafield tag="650" ind1="1" ind2="7">
   <subfield code="a">Empathic accuracy.</subfield>
  </datafield>
  <datafield tag="650" ind1="1" ind2="7">
   <subfield code="a">Individual differences.</subfield>
  </datafield>
  <datafield tag="650" ind1="1" ind2="7">
   <subfield code="a">Mode of thought.</subfield>
  </datafield>
  <datafield tag="773" ind1="0" ind2=" ">
   <subfield code="a">Journal of personality and social psychology</subfield>
   <subfield code="g">vol.111, (5) Nov  2016.</subfield>
  </datafield>
  <datafield tag="942" ind1=" " ind2=" ">
   <subfield code="a">Analytics</subfield>
  </datafield>
 </record>
</collection>
